[Event "AUTO-OPEN-1356"]
[Site "http://www.queenalice.com/game.php?id=502704"]
[Date "2008.12.4"]
[Round "1"]
[White "maicon17bnu"]
[Black "cleverton01031990"]
[Result "1-0"]
[WhiteElo "2002"]
[BlackElo "1795"]

1. e4 e5 2. Nf3 Nc6 3. Bb5 d6 4. d4 exd4 5. Nxd4 Bd7 6. Bxc6 bxc6 7. Nc3 Nf6 8.
O-O Be7 9. h3 Qc8 10. f4 c5 11. Nf3 O-O 12. e5 Ne8 13. Nd5 Bd8 14. b3 c6 15. Nc3
d5 16. Ba3 Bb6 17. Na4 f6 18. Kh2 fxe5 19. fxe5 1-0

[Event "AUTO-OPEN-1356"]
[Site "http://www.queenalice.com/game.php?id=502705"]
[Date "2008.12.4"]
[Round "1"]
[White "cleverton01031990"]
[Black "Erick"]
[Result "0-1"]
[WhiteElo "1677"]
[BlackElo "1645"]

1. d4 Nf6 2. c4 g6 3. b3 Bg7 4. Bb2 O-O 5. Nf3 d6 6. e3 e5 7. dxe5 Nfd7 8. Qd5
Nb6 9. Qd2 Nc6 10. exd6 Bxb2 11. Qxb2 Qxd6 12. Be2 Bf5 13. Nc3 Nb4 14. O-O Nd3
15. Bxd3 Qxd3 16. Rac1 Bg4 17. Nd4 c5 18. Nde2 Bxe2 19. Nxe2 Rad8 20. Nc3 Qd2
21. Rc2 Qd7 22. h3 Qe6 23. Qa3 Qc6 24. Qb2 Rd3 25. Ne2 Rfd8 26. Nf4 R3d6 27. Ne2
Nd7 28. Nc3 Nf6 29. Nb5 Rd1 0-1

[Event "AUTO-OPEN-1356"]
[Site "http://www.queenalice.com/game.php?id=502706"]
[Date "2008.12.4"]
[Round "1"]
[White "Erick"]
[Black "cleverton01031990"]
[Result "1-0"]
[WhiteElo "1626"]
[BlackElo "1707"]

1. e4 e5 2. Nf3 Nc6 3. Bb5 d6 4. d4 exd4 5. Nxd4 Bd7 6. Bxc6 bxc6 7. O-O Be7 8.
c4 Nf6 9. Nc3 O-O 10. Be3 c5 11. Nde2 c6 12. h3 Re8 13. Qd2 Be6 14. b3 d5 15.
exd5 cxd5 16. cxd5 Nxd5 17. Nxd5 Qxd5 18. Qxd5 Bxd5 19. Nf4 Bb7 20. Rac1 Rac8
21. Rfe1 a5 22. Bxc5 Bxc5 23. Rxe8+ Rxe8 24. Rxc5 a4 25. bxa4 Re4 26. Rc7 Rxf4
27. Rxb7 g6 28. a5 Ra4 29. Rb5 Rxa2 30. g3 Kg7 31. h4 1-0

[Event "AUTO-OPEN-1357"]
[Site "http://www.queenalice.com/game.php?id=503176"]
[Date "2008.12.5"]
[Round "1"]
[White "cleverton01031990"]
[Black "razoman"]
[Result "0-1"]
[WhiteElo "1846"]
[BlackElo "1862"]

1. d4 d5 2. c4 e6 3. e3 dxc4 4. Bxc4 Nf6 5. Nf3 a6 6. a3 Nc6 7. b4 b5 8. Ba2 Bb7
9. O-O Bd6 10. Bb2 O-O 11. Nc3 Ne7 12. Rc1 Ned5 13. Nd2 Nxc3 14. Rxc3 Ne4 15.
Nxe4 Bxe4 16. f3 Bb7 17. Qd2 Qh4 18. g3 Qh3 19. Rfc1 Bxf3 20. Re1 Bxg3 21. e4
Bxe1 22. Qxe1 Qg2# 0-1

[Event "AUTO-OPEN-1357"]
[Site "http://www.queenalice.com/game.php?id=503177"]
[Date "2008.12.5"]
[Round "1"]
[White "razoman"]
[Black "cleverton01031990"]
[Result "0-1"]
[WhiteElo "1877"]
[BlackElo "1750"]

1. e4 e5 2. Nf3 d6 3. h3 Nf6 4. Nc3 Nc6 5. Bb5 Bd7 6. O-O Be7 7. Bxc6 Bxc6 8. d3
O-O 9. Re1 h6 10. Nh2 Nd7 11. f4 f5 12. Nd5 Bh4 13. Rf1 Bg3 14. Rf3 Bh4 15. g3
Be7 16. Nxe7+ Qxe7 17. Qe2 Nf6 18. Bd2 fxe4 19. dxe4 Nxe4 20. Ra3 Nxd2 21. Qxd2
exf4 22. gxf4 Qe4 23. Rf3 Qg6+ 24. Kf2 Bxf3 25. Kxf3 Qh5+ 26. Kg3 Rae8 27. Ng4
Qc5 28. a3 Qb5 29. c4 Qxc4 30. Ne3 Qxf4+ 0-1

[Event "AUTO-OPEN-1357"]
[Site "http://www.queenalice.com/game.php?id=503178"]
[Date "2008.12.5"]
[Round "1"]
[White "cleverton01031990"]
[Black "Kuroi"]
[Result "0-1"]
[WhiteElo "1523"]
[BlackElo "1588"]

1. e4 e5 2. Nf3 Nc6 3. d4 Bd6 4. Bb5 a6 5. Bxc6 dxc6 6. dxe5 Bb4+ 7. Bd2 Bxd2+
8. Qxd2 Qxd2+ 9. Nfxd2 Ne7 10. O-O Be6 11. f4 O-O-O 12. Nf3 h6 13. Nc3 Bc4 14.
Rfd1 Ng6 15. g3 Rxd1+ 16. Rxd1 Be6 0-1

[Event "AUTO-OPEN-1357"]
[Site "http://www.queenalice.com/game.php?id=503179"]
[Date "2008.12.5"]
[Round "1"]
[White "Kuroi"]
[Black "cleverton01031990"]
[Result "1-0"]
[WhiteElo "1601"]
[BlackElo "1510"]

1. e4 e5 2. Nf3 Nc6 3. Bc4 d6 4. d3 Be7 5. Nc3 Bg4 6. Be3 Nf6 7. Qd2 a6 8. Ng5
O-O 9. h3 Bd7 10. g4 b5 11. Nxf7 Rxf7 12. Bxf7+ Kxf7 13. g5 Nh5 14. Nd5 Be6 15.
O-O-O g6 16. h4 Na7 17. Qa5 1-0

[Event "AUTO-OPEN-1358"]
[Site "http://www.queenalice.com/game.php?id=503657"]
[Date "2008.12.6"]
[Round "1"]
[White "cleverton01031990"]
[Black "alexsoncini"]
[Result "0-1"]
[WhiteElo "1902"]
[BlackElo "1701"]

1. d4 e5 2. dxe5 Nc6 3. f4 Bc5 4. Nc3 f6 5. exf6 Nxf6 6. e3 O-O 7. Bd2 d5 8. Qf3
Bg4 9. Qf2 d4 10. Nce2 Ne4 0-1

[Event "AUTO-OPEN-1358"]
[Site "http://www.queenalice.com/game.php?id=503658"]
[Date "2008.12.6"]
[Round "1"]
[White "alexsoncini"]
[Black "cleverton01031990"]
[Result "1-0"]
[WhiteElo "1929"]
[BlackElo "1498"]

1. Nf3 g6 2. d4 Bg7 3. e4 e6 4. Bd3 Ne7 5. Nc3 Nbc6 6. Be3 d6 7. a3 a6 8. Rc1 b5
9. Qd2 O-O 10. Bh6 f5 11. Bxg7 Kxg7 12. h4 f4 13. Ne2 e5 14. d5 Nb8 15. c4 bxc4
16. Rxc4 Bd7 17. a4 c6 18. dxc6 Nbxc6 19. O-O Be6 20. Rcc1 d5 21. Ng5 Bg8 22.
Rfd1 d4 23. Bc4 h6 24. Nf3 Qd6 25. Bxg8 Rxg8 26. Rc4 a5 27. Nc1 Nb4 28. Nd3 Nec6
29. Nxb4 Nxb4 30. Rdc1 Rgf8 31. Rc5 Rfe8 32. Qd1 Qf6 33. Qb3 g5 34. Rc7+ Re7 35.
Rxe7+ 1-0

[Event "AUTO-ADV-1140"]
[Site "http://www.queenalice.com/game.php?id=505707"]
[Date "2008.12.10"]
[Round "1"]
[White "cleverton01031990"]
[Black "romerov"]
[Result "0-1"]
[WhiteElo "1526"]
[BlackElo "1762"]

1. d4 d5 2. c4 c6 3. e3 e6 4. Nc3 f5 5. Nf3 Nf6 6. b3 Bd6 7. Bb2 O-O 8. Bd3 Nbd7
9. O-O Ne4 10. Rc1 Ndf6 11. Nd2 Ng4 0-1

[Event "AUTO-ADV-1140"]
[Site "http://www.queenalice.com/game.php?id=505709"]
[Date "2008.12.10"]
[Round "1"]
[White "cleverton01031990"]
[Black "beckhamf2000"]
[Result "0-1"]
[WhiteElo "1609"]
[BlackElo "1963"]

1. d4 Nf6 2. c4 e6 3. Nc3 Bb4 4. e3 c5 5. Nf3 Nc6 6. Be2 O-O 7. Bd2 cxd4 8. exd4
d5 9. c5 b6 10. cxb6 Qxb6 11. Be3 Ba6 12. O-O Bxc3 13. bxc3 Ne4 14. Bxa6 Qxa6
15. Qc2 Rfc8 16. Nd2 Nb4 17. Qb3 Nxd2 18. Bxd2 Nc6 19. Rac1 Rab8 0-1

[Event "AUTO-ADV-1140"]
[Site "http://www.queenalice.com/game.php?id=505710"]
[Date "2008.12.10"]
[Round "1"]
[White "beckhamf2000"]
[Black "cleverton01031990"]
[Result "1-0"]
[WhiteElo "1965"]
[BlackElo "1607"]

1. e4 e5 2. Nf3 Nc6 3. Bb5 d6 4. d4 exd4 5. Nxd4 Bd7 6. Nc3 Nxd4 7. Bxd7+ Qxd7
8. Qxd4 Nf6 9. O-O Be7 10. Rd1 Qg4 11. Qb4 O-O-O 12. Qd4 Kb8 13. Be3 b6 14. h3
Qg6 15. a4 a6 16. Qc4 Kb7 17. Nd5 1-0